Amplitude equations for stochastic partial differential equations / (Record no. 11535)

MARC details
000 -LEADER
fixed length control field 01161cam a2200313 i 4500
001 - CONTROL NUMBER
control field 15072721
003 - CONTROL NUMBER IDENTIFIER
control field EG-ScBUE
005 - DATE AND TIME OF LATEST TRANSACTION
control field 20241030101025.0
008 - FIXED-LENGTH DATA ELEMENTS--GENERAL INFORMATION
fixed length control field 071106t2007 njua f b 001 0 eng d
020 ## - INTERNATIONAL STANDARD BOOK NUMBER
International Standard Book Number 9789812706379 (hbk.)
020 ## - INTERNATIONAL STANDARD BOOK NUMBER
International Standard Book Number 9812706372 (hbk.)
035 ## - SYSTEM CONTROL NUMBER
System control number (OCoLC)ocn141384790
040 ## - CATALOGING SOURCE
Original cataloging agency COO
Language of cataloging eng
Description conventions rda
Transcribing agency COO
Modifying agency YDX
-- BAKER
-- BTCTA
-- MTG
-- YDXCP
-- DLC
-- EG-ScBUE
082 04 - DEWEY DECIMAL CLASSIFICATION NUMBER
Classification number 519.2
Edition number 22
Item number BLO
100 1# - MAIN ENTRY--PERSONAL NAME
Personal name Blomker, Dirk.
Relator term author.
9 (RLIN) 4754
245 10 - TITLE STATEMENT
Title Amplitude equations for stochastic partial differential equations /
Statement of responsibility, etc Dirk Blomker, RWTH Aachen, Germany.
264 #1 - PUBLICATION, DISTRIBUTION, ETC. (IMPRINT)
Place of publication, distribution, etc Hackensack, NJ :
Name of publisher, distributor, etc World Scientific,
Date of publication, distribution, etc [2007]
264 #4 - PUBLICATION, DISTRIBUTION, ETC. (IMPRINT)
Date of publication, distribution, etc c2007
300 ## - PHYSICAL DESCRIPTION
Extent x, 126 pages :
Other physical details illustrations ;
Dimensions 26 cm.
336 ## - CONTENT TYPE
Source rdacontent
Content type term text
Content type code txt
337 ## - MEDIA TYPE
Media type term unmediated
Source rdamedia
Media type code n
338 ## - CARRIER TYPE
Carrier type term volume
Carrier type code nc
Source rdacarrier
490 0# - SERIES STATEMENT
Series statement Interdisciplinary mathematical sciences ;
Volume number/sequential designation vol. 3
504 ## - BIBLIOGRAPHY, ETC. NOTE
Bibliography, etc Includes bibliographical references and index.
650 #7 - SUBJECT ADDED ENTRY--TOPICAL TERM
Topical term or geographic name as entry element Stochastic partial differential equations.
Source of heading or term BUEsh
9 (RLIN) 4756
655 ## - INDEX TERM--GENRE/FORM
Form subdivision Reading book
942 ## - ADDED ENTRY ELEMENTS (KOHA)
Source of classification or shelving scheme Dewey Decimal Classification
Koha item type Book - Borrowing
Holdings
Withdrawn status Lost status Source of classification or shelving scheme Damaged status Not for loan Collection code Home library Current library Shelving location Date acquired Source of acquisition Cost, normal purchase price Serial Enumeration / chronology Total Checkouts Full call number Barcode Date last seen Price effective from Koha item type
    Dewey Decimal Classification     Baccah Central Library Central Library First floor 17/05/2009 Purchase 384.00 7117   519.2 BLO 000016200 15/07/2025 17/05/2009 Book - Borrowing